| 000 | 00579nam a2200181Ia 4500 | ||
|---|---|---|---|
| 003 | IN-BaIIA | ||
| 005 | 20250705163236.0 | ||
| 008 | 211028s9999 xx 000 0 eng d | ||
| 040 | _cIIA Library | ||
| 080 |
_a524.3(084.3) _bSMA |
||
| 100 |
_aSmart W. M. _91092 |
||
| 245 | 0 |
_aChart growing the angular distance of stars four, and the position angle relative to the out apex of the solar lotion: a _cSmart W. M |
|
| 260 |
_aLondon _c1923 |
||
| 650 |
_achart _91093 |
||
| 650 |
_aSolar _9910 |
||
| 650 | _aStars | ||
| 942 |
_cBK _2ddc |
||
| 999 |
_c474 _d474 |
||